000
00161nam a22000857a 4500
020
_a
9780723288619
082
_a
K800
245
_a
MY GRANNY - PEPPA PIG
942
_c
BK
999
_c
4842
_d
4842